000
00229nmm a2200085Ia 4500
008
220120s9999||||xx |||||||||||||||||und||
100
_a
Digit
245
0
_a
Quantum of game demo SOLACE 7, Prog. evaluation soccer2009-
260
_c
2008
999
_c
139217
_d
139217